| 000 | 00376nam a2200157Ia 4500 | ||
|---|---|---|---|
| 005 | 20250403021957.0 | ||
| 008 | 240331s9999 xx 000 0 und d | ||
| 020 | _a9789558354285 | ||
| 082 |
_bTHA _a894 |
||
| 100 | _aThahir,I.M | ||
| 245 | 0 | _aPachchaippavadai | |
| 260 |
_aColombo - 6 _bGnanam Pathippakam _c2009 |
||
| 300 | _a72 p ., | ||
| 650 | _aShort Stories | ||
| 942 | _cL | ||
| 999 |
_c4983 _d4983 |
||